| 000 | 00581nam a22001937a 4500 | ||
|---|---|---|---|
| 005 | 20140313153148.0 | ||
| 010 | _aENG-109404 | ||
| 020 |
_a9788183164559 _c175.00 |
||
| 035 | _aEN-92937 | ||
| 037 | _bDBAD/PUB | ||
| 082 | _a510.71 | ||
| 100 | _aJames, Anice | ||
| 245 |
_aTechniques of teaching mathematics / _cby Anice James ; foreworded by T. Venka Reddy |
||
| 260 |
_aHyderabad _bNeelkamal Publications _c2013 |
||
| 270 |
_aSultan Bazar _bHyderabad _e500095 |
||
| 300 |
_axx,312p. _c22cm(pbk) |
||
| 500 | _aIncludes index | ||
| 942 |
_2ddc _cEN _mJAM _h510.71 |
||
| 999 |
_c82756 _d82756 |
||